000 00592nam a2200169Ia 4500
008 180921t2018 xxu||||| |||| 00| 0 sin d
041 _asin
080 _aX8සි32
_bඅමර
100 _aඅමරසිංහ, චන්ද්‍රකා
245 _aපුත්තා වත්ථු මනුස්සානං
246 _aPuththa watthu manussanan
260 _bගුරුගෙදර ග්‍රන්ථ කේන්ද්‍රය
_aහොරණ
_c2018
300 _aපි.80, සෙ.මි.21
942 _cBK
999 _c9990
_d9990
003 LK-CoDNM
040 _aLK-CoDNM
_dLK-CoDNM
_eLK-CoDNM